Proceedings of ICEMC2 2006 International conference on embedded systems, Mobile communications and computing , August 4th 5th, 2006,PESIT Bangalore, India [e resource ] (Record no. 205632)

MARC details
000 -LEADER
fixed length control field 00646nam a2200121Ia 4500
008 - FIXED-LENGTH DATA ELEMENTS--GENERAL INFORMATION
fixed length control field 231221s9999 xx 000 0 und d
041 ## - LANGUAGE CODE
Language code of text/sound track or separate title English
100 ## - MAIN ENTRY--PERSONAL NAME
Personal name Mobile communication and networking center of excellence (MCNC) Dept of ISE, PESIT,100ft Road, BSK 111 stage, Banaglore-85, India
245 #0 - TITLE STATEMENT
Title Proceedings of ICEMC2 2006 International conference on embedded systems, Mobile communications and computing , August 4th 5th, 2006,PESIT Bangalore, India [e resource ]
260 ## - PUBLICATION, DISTRIBUTION, ETC.
Name of publisher, distributor, etc. PESIT, Dept. of IS
650 ## - SUBJECT ADDED ENTRY--TOPICAL TERM
Topical term or geographic name entry element ICEMC2,2006,conference,embedded,systems,,communications,computing,,,August,5th,,2006,PESIT,Bangalore,,India,[e
942 ## - ADDED ENTRY ELEMENTS (KOHA)
Koha item type Digital Library
Holdings
Date last seen Total checkouts Accession number Uniform resource identifier Price effective from Category Lost status Damaged status Department Withdrawn status Home library Current library Shelving location Entry date Grants Billdate Currency symbol Conversion rate Discount Old discount
26/01/2024   DL1759 digital/Confpro/dl1759/index.html 26/01/2024 Digital Library     Central Library   Central Library Central Library Central Library   IS 22/02/2010 RS 1    

© For any Suggestions or Query, please contact the library staff @ librarian@pes.edu or Phone: +9180 2672 1983/ 2108.